00461nam a22001337a 4500082001400000100002300014245006700037260006800104300000700172650001300179942000900192952010900201999001700310 a294.5 PRA aBoni, Pravin Kumar aA Study of Selected Texts of Bhagavadgita: A Dalit Perspective aHenry Martyn Institute, HyderabadbHenry Martyn Institutec2021 a93 aHinduism cTHES 001040708REFaHMIbHMIcREFd2021-12-01estudentl0o294.5 PRAp11-4551r2021-12-01w2021-12-01yTHES c23202d23202